000 00549nam a2200205 a 4500
001 2933
003 CO-ViMGA
008 141112s2004 ck r 000 u spa d
040 _aCO-ViMGA
_bspa
_cCO-ViMGA
082 0 4 _a901 A735
100 1 _aArendt, Hannah
245 1 0 _aDe la historia a la acción
260 _aBarcelona :
_bPaidós,
_c1995
300 _a171 p
490 _aPensamiento contemporáneo, 38
650 1 4 _aFILOSOFIA ALEMANA
650 1 4 _aHISTORIA - FILOSOFIA
_96228
650 1 4 _aPENSAMIENTO - FILOSOFIA
_952126
942 _2ddc
_cBK
999 _c14998
_d14998